[Event "SVK-ch U14"]
[Site "Tatralandia"]
[Date "2024.04.11"]
[Round "8"]
[White "Toth, Peter8"]
[Black "Bilik, Matej"]
[Result "0-1"]
[WhiteElo "1655"]
[BlackElo "1866"]
[PlyCount "102"]
[EventDate "2024.04.05"]
[EventType "swiss"]
[EventRounds "9"]
[EventCountry "SVK"]
[SourceTitle "CB16_2024"]
[SourceDate "2024.04.17"]
[SourceVersion "1"]
[SourceVersionDate "2024.04.17"]
[SourceQuality "1"]

1. e4 c5 2. Nf3 e6 3. Nc3 Nc6 4. d4 cxd4 5. Nxd4 Nf6 6. Bg5 Be7 7. Bc4 h6 8. Bh4 0-0 9. 0-0 d5 10. exd5 Nxd5 11. Bxe7 Ncxe7 12. Nxd5 Nxd5 13. Bb3 Nb6 14. c3 Qe7 15. Re1 Rd8 16. Bc2 Nd5 17. Qd3 Nf6 18. Re3 Qd6 19. Rf3 e5 20. Nb5 Qb6 21. Qc4 Be6 22. Qf1 a6 23. Na3 Qxb2 24. Qc1 Qxc1+ 25. Rxc1 Bxa2 26. c4 Rac8 27. Bf5 Rc5 28. Rfc3 b5 29. h3 e4 30. cxb5 Rxf5 31. bxa6 Ra5 32. Rc8 Rxc8 33. Rxc8+ Kh7 34. Ra8 Rxa3 35. Ra7 Bc4 36. Kh2 Rxa6 37. Rxa6 Bxa6 38. Kg3 g5 39. h4 Nh5+ 40. Kh3 Bc8+ 41. g4 Nf6 42. hxg5 hxg5 43. Kg3 Bxg4 44. Kg2 Bf3+ 45. Kf1 Ng4 46. Kg1 f5 47. Kf1 f4 48. Kg1 e3 49. Kf1 e2+ 50. Ke1 Ne5 51. Kd2 Nd3 0-1

[Event "SVK-ch U12"]
[Site "Stara Lubovna"]
[Date "2022.05.26"]
[Round "7"]
[White "Shykhnenko, Hryhorii"]
[Black "Bilik, Matej"]
[Result "0-1"]
[WhiteElo "1284"]
[BlackElo "1553"]
[PlyCount "54"]
[EventDate "2022.05.21"]
[EventType "swiss"]
[EventRounds "9"]
[EventCountry "SVK"]
[SourceTitle "CBM 208 Extra"]
[Source "ChessBase"]
[SourceDate "2022.07.31"]
[SourceVersion "1"]
[SourceVersionDate "2022.07.31"]
[SourceQuality "1"]

1. b3 d5 2. Bb2 c5 3. e3 Nc6 4. d4 cxd4 5. exd4 Nf6 6. Nf3 g6 7. c4 e6 8. Bd3 Bg7 9. 0-0 0-0 10. Nc3 dxc4 11. Bxc4 a6 12. a4 Re8 13. Re1 Nb4 14. Qd2 Nbd5 15. Ne5 b6 16. Rad1 Bb7 17. Qg5 Nxc3 18. Bxc3 Nd5 19. Qg3 Rc8 20. Bxd5 Bxd5 21. Ba1 Qe7 22. Qd3 Qb7 23. f3 Red8 24. Nc4 Bf8 25. Ne3 b5 26. Nxd5 Qxd5 27. Re5 Qxe5 0-1

[Event "SVK-ch U12"]
[Site "Stara Lubovna"]
[Date "2022.05.23"]
[Round "3"]
[White "Meszaros, Casey Ryan"]
[Black "Bilik, Matej"]
[Result "1-0"]
[WhiteElo "1757"]
[BlackElo "1553"]
[PlyCount "97"]
[EventDate "2022.05.21"]
[EventType "swiss"]
[EventRounds "9"]
[EventCountry "SVK"]
[SourceTitle "CBM 208 Extra"]
[Source "ChessBase"]
[SourceDate "2022.07.31"]
[SourceVersion "1"]
[SourceVersionDate "2022.07.31"]
[SourceQuality "1"]

1. e4 c5 2. c3 d5 3. exd5 Qxd5 4. d4 e5 5. dxe5 Qxd1+ 6. Kxd1 Nc6 7. Bb5 Bd7 8. Nf3 0-0-0 9. Nbd2 a6 10. Bc4 Bg4 11. Be2 Bxf3 12. Bxf3 Nxe5 13. Kc2 Nxf3 14. Nxf3 f6 15. Be3 Bd6 16. Rad1 Ne7 17. g4 Nc6 18. Rd5 Be7 19. Rhd1 b6 20. a3 a5 21. Nh4 g6 22. Ng2 Rxd5 23. Rxd5 Rd8 24. Nf4 Ne5 25. h3 Nc4 26. Rxd8+ Bxd8 27. Kb3 Nxe3 28. fxe3 Kd7 29. Kc4 Kc6 30. a4 Bc7 31. Nd5 Bd8 32. e4 g5 33. Ne3 Kd6 34. Kb5 Ke5 35. Nd5 Kxe4 36. Nxb6 h5 37. gxh5 f5 38. Nd7 f4 39. h6 f3 40. h7 f2 41. h8Q f1Q+ 42. c4 Bc7 43. Nxc5+ Ke3 44. Qc3+ Kf2 45. Ne4+ Kg1 46. Qe3+ Kg2 47. Qxg5+ Kh2 48. Qd2+ Kh1 49. Qd1 1-0

[Event "SVK-ch U12"]
[Site "Stara Lubovna"]
[Date "2021.06.26"]
[Round "1"]
[White "Strapec, Lukas"]
[Black "Bilik, Matej"]
[Result "1-0"]
[WhiteElo "1705"]
[BlackElo "1141"]
[PlyCount "125"]
[EventDate "2021.06.26"]
[EventType "swiss"]
[EventRounds "9"]
[EventCountry "SVK"]
[SourceTitle "CBM 203 Extra"]
[Source "ChessBase"]
[SourceDate "2021.09.30"]
[SourceVersion "1"]
[SourceVersionDate "2021.09.30"]
[SourceQuality "1"]

1. d4 Nf6 2. c4 c5 3. d5 b5 4. cxb5 a6 5. bxa6 g6 6. Nc3 d6 7. e4 Nbd7 8. Nf3 Bg7 9. Qc2 0-0 10. a4 Bxa6 11. Bxa6 Rxa6 12. Nd2 Ne5 13. f4 Ned7 14. 0-0 Ne8 15. b3 Nc7 16. Bb2 f5 17. Rae1 fxe4 18. Ndxe4 Bd4+ 19. Kh1 Qa8 20. Ng5 Bxc3 21. Qxc3 Nf6 22. Qh3 Ncxd5 23. Bxf6 Nxf6 24. Rxe7 Ra7 25. Qe6+ Kh8 26. Nf7+ Kg7 27. Nxd6+ Rxe7 28. Qxe7+ Kg8 29. Re1 Qd8 30. h3 Qxe7 31. Rxe7 Nd5 32. Re5 Nxf4 33. Rxc5 Nd3 34. Rc8 Rxc8 35. Nxc8 Nc5 36. a5 Kf7 37. b4 Na6 38. b5 Nc7 39. a6 Nxb5 40. a7 Nxa7 41. Nxa7 Kf6 42. g3 Kf5 43. Kg2 h5 44. Kf3 g5 45. Ke3 h4 46. g4+ Ke5 47. Nc6+ Kd5 48. Nb4+ Ke5 49. Nd3+ Kd5 50. Ne1 Ke5 51. Nf3+ Kf6 52. Ke4 Kg6 53. Ke5 Kh6 54. Kf6 Kh7 55. Nxg5+ Kh6 56. Ne6 Kh7 57. g5 Kg8 58. g6 Kh8 59. g7+ Kg8 60. Nd4 Kh7 61. Kf7 Kh6 62. g8Q Kh5 63. Qg6# 1-0

[Event "EU-ch U10"]
[Site "Bratislava"]
[Date "2019.08.04"]
[Round "3"]
[White "Villa Tornero, Alex"]
[Black "Bilik, Matej"]
[Result "1-0"]
[WhiteElo "1641"]
[BlackElo "1234"]
[PlyCount "69"]
[EventDate "2019.08.02"]
[EventType "swiss"]
[EventRounds "9"]
[EventCountry "SVK"]
[SourceTitle "EXT 2020"]
[Source "ChessBase"]
[SourceDate "2019.10.17"]
[SourceVersion "1"]
[SourceVersionDate "2019.10.17"]
[SourceQuality "1"]

1. e4 e5 2. d4 exd4 3. Bc4 Nf6 4. Bg5 h6 5. Bh4 Qe7 6. Qe2 b6 7. e5 g5 8. Bg3 Ng8 9. e6 dxe6 10. Be5 f6 11. Bb5+ Bd7 12. Qf3 c6 13. Bxb8 Rxb8 14. Bxc6 Bxc6 15. Qxc6+ Qd7 16. Qxd7+ Kxd7 17. Ne2 e5 18. Nd2 Rc8 19. 0-0-0 Bb4 20. Ne4 Rh7 21. Nxd4 Ke8 22. Nf5 Kf8 23. c3 Rhc7 24. g4 Bc5 25. Rhf1 Rc6 26. Neg3 Be7 27. Rd7 R6c7 28. Rfd1 Rxd7 29. Rxd7 Rd8 30. Rxa7 Re8 31. Nh5 Rd8 32. Kc2 Rd5 33. Nhg7 Rb5 34. Ne6+ Kf7 35. Nd6+ 1-0

[Event "EU-ch U10"]
[Site "Bratislava"]
[Date "2019.08.03"]
[Round "2"]
[White "Bilik, Matej"]
[Black "Medhus, Vitrus Bondo"]
[Result "0-1"]
[WhiteElo "1234"]
[BlackElo "1704"]
[PlyCount "40"]
[EventDate "2019.08.02"]
[EventType "swiss"]
[EventRounds "9"]
[EventCountry "SVK"]
[SourceTitle "EXT 2020"]
[Source "ChessBase"]
[SourceDate "2019.10.17"]
[SourceVersion "1"]
[SourceVersionDate "2019.10.17"]
[SourceQuality "1"]

1. e4 c5 2. Nf3 Nc6 3. d4 cxd4 4. Nxd4 e5 5. Nf3 Nf6 6. Nc3 Bb4 7. Bd3 0-0 8. Bd2 d5 9. exd5 Nxd5 10. Nxd5 Bxd2+ 11. Qxd2 e4 12. Bxe4 Re8 13. Nc3 Bf5 14. Qd3 Bxe4 15. Nxe4 Nb4 16. Qc4 Qe7 17. Nfd2 Rac8 18. Qb3 Nxc2+ 19. Kd1 Nxa1 20. Re1 Nxb3 0-1

[Event "SVK-ch U10"]
[Site "Liptovsky Mikulas"]
[Date "2019.04.25"]
[Round "4"]
[White "Bilik, Matej"]
[Black "Hudak, Michal"]
[Result "1-0"]
[WhiteElo "1000"]
[BlackElo "1052"]
[PlyCount "99"]
[EventDate "2019.04.23"]
[EventType "swiss"]
[EventRounds "9"]
[EventCountry "SVK"]
[SourceTitle "CBM 190 Extra"]
[Source "ChessBase"]
[SourceDate "2019.07.15"]
[SourceVersion "1"]
[SourceVersionDate "2019.07.15"]
[SourceQuality "1"]

1. e4 d5 2. exd5 Qxd5 3. Nc3 Qd6 4. Nf3 Nf6 5. g3 a6 6. Bg2 Nc6 7. 0-0 e6 8. d3 Be7 9. Re1 Bd7 10. Bf4 Qb4 11. a3 Qxb2 12. Qd2 Qb6 13. Be3 Bc5 14. d4 Be7 15. d5 Bc5 16. dxc6 Bxc6 17. Bxc5 Qxc5 18. Nh4 Rd8 19. Bxc6+ Qxc6 20. Qg5 Qxc3 21. Nf5 h6 22. Qxg7 Rg8 23. Rxe6+ Kd7 24. Qxf7+ Kc8 25. Qxf6 Qxf6 26. Rxf6 h5 27. Ne7+ Kb8 28. Nxg8 Rd2 29. Rf8+ Ka7 30. Ra2 h4 31. gxh4 Rd7 32. h5 Rh7 33. h6 b5 34. Kg2 c5 35. Kh3 a5 36. Rf6 Kb7 37. Kh4 b4 38. axb4 axb4 39. Rb2 Kc8 40. Kh5 Rb7 41. Rf8+ Kc7 42. Rf7+ Kc8 43. Rxb7 Kxb7 44. c3 c4 45. Rxb4+ Ka8 46. h7 Ka7 47. h8Q Ka6 48. Qe5 Ka7 49. Qb5 Ka8 50. Qb7# 1-0